Central Library and Information Centre
Sibsagar Girls' College, Sivasagar : Assam

PADARTHA BIGYANAR ANGKA (Record no. 4250)

MARC details
000 -LEADER
fixed length control field 00453cam a2200205ua 4500
008 - FIXED-LENGTH DATA ELEMENTS--GENERAL INFORMATION
fixed length control field 160624n II |||gr||||Z||||||asm
040 ## - CATALOGING SOURCE
Original cataloging agency MAIN
041 ## - LANGUAGE CODE
-- English
082 ## - DEWEY DECIMAL CLASSIFICATION NUMBER
Classification number 519.4 PAT
100 ## - MAIN ENTRY--PERSONAL NAME
Personal name PATHAK.
245 ## - TITLE STATEMENT
Title PADARTHA BIGYANAR ANGKA
250 ## - EDITION STATEMENT
Edition statement 3RD.
260 ## - PUBLICATION, DISTRIBUTION, ETC.
Place of publication, distribution, etc. GUWAHATI:
Name of publisher, distributor, etc. BORUA AGENCY,
Date of publication, distribution, etc. 1990.
300 ## - PHYSICAL DESCRIPTION
Extent 144:
Dimensions 20CM.
700 ## - ADDED ENTRY--PERSONAL NAME
Personal name PATHAK.,
Relator term Author.
700 ## - ADDED ENTRY--PERSONAL NAME
Personal name BARUA.
942 ## - ADDED ENTRY ELEMENTS (KOHA)
Koha item type Books
653 ## - INDEX TERM--UNCONTROLLED
Uncontrolled term Physics
Holdings
Withdrawn status Lost status Damaged status Not for loan Collection code Home library Current library Shelving location Date acquired Full call number Barcode Date last seen Copy number Price effective from Koha item type Public note
        TBPHY Central Library and Information Centre Sibsagar Girls College Central Library and Information Centre Sibsagar Girls College PHYSICS BOOK RACK 06.06.1990 519.4 PAT 12572 27.02.2020 1 27.02.2020 Books V
        TBPHY Central Library and Information Centre Sibsagar Girls College Central Library and Information Centre Sibsagar Girls College Mathematics Rack 06.06.1990 519.4 PAT 12573 27.02.2020 2 27.02.2020 Books  
        TBPHY Central Library and Information Centre Sibsagar Girls College Central Library and Information Centre Sibsagar Girls College PHYSICS BOOK RACK 06.06.1990 519.4 PAT 12574 27.02.2020 3 27.02.2020 Books V
        TBPHY Central Library and Information Centre Sibsagar Girls College Central Library and Information Centre Sibsagar Girls College Mathematics Rack 06.06.1990 519.4 PAT 12575 27.02.2020 4 27.02.2020 Books  


Sibsagar Girl's College © 2020. All rights reserved.
Powered by Koha.
Maintained by Abhijit Borpuzari.